Anagramas de Países #1 - Estadísticas

Estadísticas generales
  • Esta prueba ha sido intentada 75 veces
  • La puntuación promedio es 13 de 15
Estadísticas de respuestas
Anagrama País % Correcto
RISIA Siria
98%
ATMLA Malta
97%
PAÑSEA España
95%
ARIN Irán
95%
PLOOIAN Polonia
94%
LIATAI Italia
89%
RANICFA Francia
88%
IREALS Israel
86%
SIRSUA Russia
85%
DUDIAC DLE AVATICON Ciudad del Vaticano
83%
UNTZE Túnez
83%
AMARCADIN Dinamarca
82%
ASODTSE DOSINU Estados Unidos
77%
NORRDAA Andorra
76%
MAIVALDO Moldavia
74%
No se encontraron pruebas coincidentes
Distribución de puntuación
Porcentaje de gente con cada puntuación
Porcentaje por número respondido
Historial de tus puntuaciones
No has intentado esta prueba.